| 000 | 00351nam a2200133Ia 4500 | ||
|---|---|---|---|
| 008 | 240624s9999 xx 000 0 und d | ||
| 041 | _aeng | ||
| 082 | _a658 McL | ||
| 100 | _aMCLAREN PATRICIA GENOE | ||
| 245 | _aROUTLEDGE COMPANION TO MANAGEMENT AND OR | ||
| 260 |
_c2015 _aNew York _bRoutledge |
||
| 300 | _axxi, 413 p.; 23 cm. | ||
| 365 |
_cBPS _b38 |
||
| 999 |
_c30705 _d30705 |
||